| 000 | 00513nam a2200169 i 4500 | ||
|---|---|---|---|
| 001 | bg | ||
| 100 | 1 |
_aHulboj, Stanisław _d(1942- ). |
|
| 245 | 0 |
_aNarzędzia skrawające : _bprzykłady projektowe do ćwiczeń / _cStanisław Hulboj. |
|
| 250 | _aWyd. 3 popr. | ||
| 260 |
_aCzęstochowa : _bWydaw. Politechniki Częstochowskiej, _c1992. |
||
| 300 |
_a88, [2] s. : _brys., wykr. ; _c24 cm. |
||
| 040 | _cBPK | ||
| 041 | _apol | ||
| 080 | _a621.9.02(076) | ||
| 942 | _cKS | ||
| 008 | s pl f |000 0 pol | ||
| 999 |
_c6233 _d6233 |
||
| 856 |
_uhttp://koha.tu.koszalin.pl/cgi-bin/koha/opac-detail.pl?biblionumber=6233 _yKatalog online BPK |
||